|
|
|
|
| LEADER |
01966cas a2200277 a 4500 |
| 001 |
AALejournalIMF018939 |
| 008 |
230101c9999 xx r poo 0 0eng d |
| 020 |
|
|
|c 5.00 USD
|
| 020 |
|
|
|z 9781484388778
|
| 022 |
|
|
|a 1018-5941
|
| 040 |
|
|
|a BD-DhAAL
|c BD-DhAAL
|
| 100 |
1 |
|
|a Zhang, Longmei.
|
| 245 |
1 |
0 |
|a China's High Savings :
|b Drivers, Prospects, and Policies /
|c Longmei Zhang, Ray Brooks, Ding Ding, Haiyan Ding.
|
| 264 |
|
1 |
|a Washington, D.C. :
|b International Monetary Fund,
|c 2018.
|
| 300 |
|
|
|a 1 online resource (38 pages)
|
| 490 |
1 |
|
|a IMF Working Papers
|
| 500 |
|
|
|a <strong>Off-Campus Access:</strong> No User ID or Password Required
|
| 500 |
|
|
|a <strong>On-Campus Access:</strong> No User ID or Password Required
|
| 506 |
|
|
|a Electronic access restricted to authorized BRAC University faculty, staff and students
|
| 520 |
3 |
|
|a China's high national savings rate-one of the highest in the world-is at the heart of its external/internal imbalances. High savings finance elevated investment when held domestically, or lead to large external imbalances when they flow abroad. Today, high savings mostly emanate from the household sector, resulting from demographic changes induced by the one-child policy and the transformation of the social safety net and job security that occured during the transition from planned to market economy. Housing reform and rising income inequality also contribute to higher savings. Moving forward, demographic changes will put downward pressure on savings. Policy efforts in strengthening the social safety net and reducing income inequality are also needed to reduce savings further and boost consumption.
|
| 538 |
|
|
|a Mode of access: Internet
|
| 700 |
1 |
|
|a Brooks, Ray.
|
| 700 |
1 |
|
|a Ding, Ding.
|
| 700 |
1 |
|
|a Ding, Haiyan.
|
| 830 |
|
0 |
|a IMF Working Papers; Working Paper ;
|v No. 2018/277
|
| 856 |
4 |
0 |
|z Full text available on IMF
|u http://elibrary.imf.org/view/journals/001/2018/277/001.2018.issue-277-en.xml
|z IMF e-Library
|